01606nam a22003854a 4500001001200000003000800012005001700020006001900037007001500056008004100071020001500112040002100127035002100148050002600169082002200195090001700217245014800234250001200382260009900394300003600493490001300529500002000542504006400562533015200626650003100778650003200809650003200841655003400873700002900907710009600936710002201032830001801054856013101072999001701203ebr10112582CaPaEBR20251029031013.0m u cr cn|||||||||021108s2002 ncua sb 001 0 eng  z0738425559 aCaPaEBRcCaPaEBR a(OCoLC)64746969014aHD58.87b.C659 2002eb04a685.5/00285/5222 c98083d7796000aContinuous business process management with HOLOSOFX BPM Suite and IBM MQSeries workflowh[electronic resource] /c[Eugene Deborin ... et al.]. a1st ed. aResearch Triangle Park, NC :bIBM Corp., International Technical Support Organization,cc2002. axviii, 534 p. :bill. ;c23 cm.1 aRedbooks a"SG24-6590-00." aIncludes bibliographical references (p. 525-526) and index. aElectronic reproduction.bPalo Alto, Calif. :cebrary,d2009.nAvailable via World Wide Web.nAccess may be limited to ebrary affiliated libraries. 0aReengineering (Management) 0aWorkflowxManagement.91888 0aIndustrial management.9176 7aElectronic books.2local91901 aDeborin, Eugene.91340232 aInternational Business Machines Corporation.bInternational Technical Support Organization.2 aebrary, Inc.9191 0aIBM redbooks.40uhttp://site.ebrary.com/lib/strathmore/Doc?id=10112582zAn electronic book accessible through the World Wide Web; click to view c98083d77960